000 01429nam a2200277 i 4500
001 39662
003 ES-MaACL
005 20250709133634.0
007 t|
008 030303s1910 sp |||| |dspa d
080 _a94(460)"15/16"
100 1 _aCánovas del Castillo, Antonio,
_d1828-1897
_934600
245 1 0 _aHistoria de la decadencia de España desde el advenimiento de Felipe III al trono hasta la muerte de Carlos II /
_cpor el Excmo. Señor D. Antonio Cánovas del Castillo.
250 _a2ª ed., con prólogo del Excmo. Señor D. Juan Pérez de Guzmán y Gallo.
260 _aMadrid :
_bLibrería Gutenberg de José Ruiz,
_c1910 (
_fImp. Fortanet)
300 _aXLVI, 761 p. :
_b1 retr. autor ;
_c23 cm.
505 8 _aContiene: El retrato de Cánovas por Madrazo, p. III . El primer libro histórico del Excmo. Señor D. Antonio Cánovas del Castillo [prólogo] / Juan Pérez de Guzmán y Gallo
530 _aDisponible en formato digital.
599 _aRetr. de A. Cánovas del Castillo: "Don Federico de Madrazo pintó". "Kaulak reprodujo"
651 4 _aEspaña-
_xHistoria-
_y1516-1700, Casa de Austria
_98228
700 1 _aPérez de Guzmán y Gallo, Juan,
_d1841-1928
_990777
852 _aES-MaACL
_jF-5409
_cDEPO2
_zRevisado enlace: 9 de julio de 2025
856 4 _uhttp://bdh-rd.bne.es/viewer.vm?id=0000057942&page=1
_yBiblioteca Digital Hispánica
942 _2udc
999 _c39662
_d39662